00488nam a2200193 a 4500001001300000003000900013005001700022008004100039020001000080082001600090100001900106245001900125260004200144300000800186500003500194650002600229650002000255700001900275nice12345678IN_TiNIC20260116011535.0070620s1901 dela grp 000 0 urd  ac10000a922.97bHAL aHussain, Altaf aHayat-E-jaweed aDelhibIdarah-Iadabiyat-I Dellic1901 a00p aincludes index and biblioraphy aSyed Ahmed Khan-Islam aSyed Ahmad Khan1 aHussain, Altaf